Science Quiz

Random Science Quiz

Am I soluble? Quiz Stats

 Plays Quiz not verified by Sporcle

Score 0/51 Timer 10:00
0 Plays Today
% Correct
Soluble
67.8%
Soluble
66.9%
Soluble
65.8%
Soluble
65.1%
Soluble
64.5%
Soluble
64.5%
Soluble
64.4%
Soluble
64%
Soluble
63.7%
Soluble
63.7%
Soluble
63.6%
Soluble
63.1%
Soluble
63.1%
Soluble
63.1%
Soluble
62.9%
Soluble
62.6%
Soluble
62.6%
Soluble
62.6%
Soluble
62.5%
Soluble
62.3%
Soluble
61.7%
Soluble
61.4%
Soluble
61.4%
Soluble
61.2%
Soluble
61.2%
Soluble
61.2%
% Correct
Soluble
60.3%
Soluble
59.8%
Soluble
59.5%
Soluble
59.1%
Insoluble
59%
Insoluble
59%
Insoluble
58.5%
Insoluble
57.9%
Insoluble
57.3%
Insoluble
56.9%
Insoluble
56.9%
Insoluble
56.9%
Insoluble
56.9%
Insoluble
56.8%
Insoluble
56.8%
Insoluble
56.3%
Insoluble
55.7%
Insoluble
55.5%
Insoluble
55.4%
Insoluble
55.2%
Insoluble
54.9%
Insoluble
54.9%
Insoluble
54.3%
Insoluble
53.2%
Insoluble
53%

You're not logged in!

Compare scores with friends on all Sporcle quizzes.
OR
Log In

Show Comments

Extras

Created Sep 28, 2012ReportNominate
Tags:solubility

Top Quizzes Today


Score Distribution

Your Account Isn't Verified!

In order to create a playlist on Sporcle, you need to verify the email address you used during registration. Go to your Sporcle Settings to finish the process.

Report this User

Report this user for behavior that violates our Community Guidelines.

Details: